000 03024nam a2200517 c 4500
001 22060
003 ES-MaCES
005 20150925133419.0
008 090414s2009 sp d rs o000 | spa d
017 _aM 3722-2004
_bDL
024 7 _a605-09-004-X
_2nipo
035 _aCES20090004408m
040 _aES-MaCES
_bspa
_cES-MaCES
245 0 0 _aINEbase febrero '09
_hRecurso electrónico
_b: Boletín mensual de estadística (BME), febrero 2009 ; Indicadores coyunturales : Índice de precios de consumo (IPC) base 2006 (...) ; Estadística de I+D 2007 ; Encuesta sobre innovación tecnológica en las empresas 2007 ; Estadística de transmisiones de derechos de la propiedad 2007 ; Encuesta sobre el gasto de los hogares en educación, módulo piloto de la EPF 2007 ; Encuesta de consumos energéticos 2007 ; Encuesta industrial de productos, años 2005-2007 ; Estadística de efectos de comercio impagados 2007 ; Encuesta sobre la estructura de las explotaciones agrícolas 2007 ; Encuesta industrial de empresas 2007 ; Relación de municipios y códigos por provincias a 1 de enero de 2009 ; Estimaciones de la población actual de España calculadas a partir del Censo de 2001, serie 2002-2009 a 1 de enero de 2009 ; Encuesta de presupuestos familiares, serie 2006-2007 ; Contabilidad nacional trimestral de España, base 2000, 4º trim. 2008 ; Contabilidad regional de España, base 2000, serie 2000-2007
_cInstituto Nacional de Estadística
260 _aMadrid
_bINE
_c[2009]
300 _a1 CD-ROM
_c12 cm
500 _aTít. tomado de la etiqueta del CD-ROM
500 _aPubl. seriada mensual (ISSN 1697-3259), que concentra en un único soporte el Boletín mensual de estadística (BME) y todas las publ. electrónicas, tanto monografías como publ. periódicas, que se publican a lo largo del mes. A su vez, toda la información se mantiene y consolida en la base de datos INEbase, de acceso gratuito en internet
500 _aCaracterísticas del sistema: sistema operativo windows 95/98
541 _cGratuito
650 4 _afijación del precio
_928285
650 4 _aprecio al consumidor
_927914
650 4 _aproducción industrial
_927653
650 4 _acomercio minorista
_927952
650 4 _ainvestigación y desarrollo
_928273
650 4 _atransmisión de la empresa
_930833
650 4 _apropiedad
_927144
650 4 _ahogar
_927911
650 4 _agastos
_929793
650 4 _aeducación
_927367
650 4 _aconsumo de energía
_927752
650 4 _aproducto industrial
_927652
650 4 _aEspaña
_926964
650 4 _a2009
_931942
650 4 _aencuesta
_928856
650 4 _adatos estadísticos
_930765
650 4 _aCD ROM
_930331
653 1 0 _aEstadísticas
650 4 _928178
_aempresa
710 2 _aInstituto Nacional de Estadística (España)
_94273
787 0 _tINEbase marzo '09
_w(ES-MaCES)22161
787 0 _tINEbase enero '09
_w(ES-MaCES)22005
902 _aELE PUB. ELECTRONICA
942 _2CES
_cBK
_h8.0.
999 _c22060
_d22060